000 01077nam a22001937a 4500
005 20250826204050.0
008 240828b ||||| |||| 00| 0 eng d
082 _aDPer 647.95 J826 January-December 2019 v. 22 n. 1-6
100 _aCalderón, Mauro Felipe Berumen.
_eauthor.
_964279
245 _aIntegral decision analysis in mutually exclusive capital investment projects. case study :
_bhard rock cafe at riviera maya /
_cMauro Felipe Berumen Calderón, Damayanti Estolano Cristerna, María Fernanda Gutiérrez Velarde, and Heberto Ferreira Medina.
260 _aPhiladelphia ;
_bTaylor & Francis Group ,
_cJanuary-February 2019.
300 _aVolume 22, pages 1-19 :
_billustration ;
_c26 cm.
500 _aJournal of Foodservice Business Research, vol. 22, no. 1, pages 1-19, January-February 2019.
700 _aCalderón, Mauro Felipe Berumen.
_eauthor.
_964279
700 _aCristerna, Damayanti Estolano.
_eauthor.
_959179
700 _aVelarde, María Fernanda Gutiérrez.
_eauthor.
_964961
700 _aMedina, Heberto Ferreira.
_eauthor.
_964962
942 _2ddc
_cPER
999 _c20961
_d20961